State, society and the UN system (Record no. 76757)

MARC details
000 -LEADER
fixed length control field 01674nam a2200289 a 4500
008 - FIXED-LENGTH DATA ELEMENTS--GENERAL INFORMATION
fixed length control field 120416s1995 ||||||||||||||||| || u
020 ## - INTERNATIONAL STANDARD BOOK NUMBER
International Standard Book Number 9280808850
050 ## - LIBRARY OF CONGRESS CALL NUMBER
Classification number K 40 Kra
100 ## - MAIN ENTRY--PERSONAL NAME
Personal name Krause, Keith
245 10 - TITLE STATEMENT
Title State, society and the UN system
246 ## -
-- changing perspectives on multilateralism
260 ## - PUBLICATION, DISTRIBUTION, ETC.
Place of publication, distribution, etc. Tokyo
Name of publisher, distributor, etc. United Nations University Press
Date of publication, distribution, etc. 1995
300 ## - PHYSICAL DESCRIPTION
Extent viii, 267 p.
350 ## -
-- 0.00
500 ## - GENERAL NOTE
General note 'UNUP-885'--Verso t.p. -Chapters originally appeared as papers given at the conference Changing State/Society Perspectives on the United Nations System. -Includes bibliographical references.
650 ## - SUBJECT ADDED ENTRY--TOPICAL TERM
Topical term or geographic name entry element GOVERNMENT
650 ## - SUBJECT ADDED ENTRY--TOPICAL TERM
Topical term or geographic name entry element WORLD POLITICS--1989--CONGRESSES
650 ## - SUBJECT ADDED ENTRY--TOPICAL TERM
Topical term or geographic name entry element INTERNATIONAL RELATIONS--CONGRESSES
650 ## - SUBJECT ADDED ENTRY--TOPICAL TERM
Topical term or geographic name entry element United Nations--Congresses
700 ## - ADDED ENTRY--PERSONAL NAME
Personal name Knight, W. Andy
710 ## - ADDED ENTRY--CORPORATE NAME
Corporate name or jurisdiction name as entry element United Nations Organisation (UNO)
995 ## -
-- ANNEX COLLECTION (Main Library)
-- 0.00
-- 731582
-- CBU-MAIN LIBRARY (Kitwe)
-- 1
-- 25000.00
-- K 40 Kra
-- 1
-- AVAILABLE
-- 028657
-- Annex Low-Usage Collection
995 ## -
-- ANNEX COLLECTION (Main Library)
-- 0.00
-- 733444
-- CBU-MAIN LIBRARY (Kitwe)
-- 2
-- 25000.00
-- K 40 Kra
-- 2
-- AVAILABLE
-- 45195
-- Annex Low-Usage Collection
995 ## -
-- ANNEX COLLECTION (Main Library)
-- 0.00
-- 731583
-- CBU-MAIN LIBRARY (Kitwe)
-- 4
-- 25000.00
-- K 40 Kra
-- 4
-- AVAILABLE
-- 028666
-- Annex Low-Usage Collection
995 ## -
-- ANNEX COLLECTION (Main Library)
-- 0.00
-- 733443
-- CBU-MAIN LIBRARY (Kitwe)
-- 3
-- 25000.00
-- K 40 Kra
-- 3
-- AVAILABLE
-- 45198
-- Annex Low-Usage Collection
995 ## -
-- ANNEX COLLECTION (Main Library)
-- 0.00
-- 733442
-- CBU-MAIN LIBRARY (Kitwe)
-- 5
-- 25000.00
-- K 40 Kra
-- 5
-- AVAILABLE
-- 45197
-- Annex Low-Usage Collection
999 ## -
-- 76757
-- 76757
Holdings
Withdrawn status Lost status Source of classification or shelving scheme Damaged status Not for loan Permanent Location Current Location Shelving location Date acquired Total Checkouts Full call number Barcode Date last seen Copy number Price effective from Koha item type
          CBU-MAIN LIBRARY, KITWE. CBU-MAIN LIBRARY, KITWE.   04/25/2023   K 40 Kra 028657 04/25/2023 1 04/25/2023 MONOGRAPH
          CBU-MAIN LIBRARY, KITWE. CBU-MAIN LIBRARY, KITWE.   04/25/2023   K 40 Kra 45195 04/25/2023 2 04/25/2023 MONOGRAPH
          CBU-MAIN LIBRARY, KITWE. CBU-MAIN LIBRARY, KITWE.   04/25/2023   K 40 Kra 028666 04/25/2023 3 04/25/2023 MONOGRAPH
          CBU-MAIN LIBRARY, KITWE. CBU-MAIN LIBRARY, KITWE.   04/25/2023   K 40 Kra 45198 04/25/2023 4 04/25/2023 MONOGRAPH
          CBU-MAIN LIBRARY, KITWE. CBU-MAIN LIBRARY, KITWE.   04/25/2023   K 40 Kra 45197 04/25/2023 5 04/25/2023 MONOGRAPH